| 000 | 00402cam a2200133 a 4500 | ||
|---|---|---|---|
| 020 | _a0962792632 | ||
| 050 | 0 | 0 |
_aRD97 _b.P78 1993 |
| 245 | 0 | 0 |
_aPsychological bases of sport injuries / _cDavid Pargman, editor. |
| 260 |
_aMorgantown, WV : _bFitness Information Technology, Inc., _cc1993. |
||
| 300 | _axviii, 302 p. : | ||
| 650 | 0 | _xPsychological aspects. | |
| 700 | 1 | _aPargman, David. | |
| 942 |
_2lcc _cGEN |
||
| 999 |
_c14211 _d14211 |
||